000
00297 a2200133 4500
000
nam a22 7a 4500
100
_a
Wendell A. Lim
110
_a
Wendell A. Lim
245
_a
Cell Signaling
250
_a
latest edition
260
_b
CRC/CBS
_c
2025
264
_b
CRC/CBS
_c
2025
942
_c
BK
999
_c
394087
_d
394087